| 000 | 00692nam a2200181 a 4500 | ||
|---|---|---|---|
| 008 | 090213s2007 ||||||||||||||||| || u | ||
| 020 | _a9780862104214 | ||
| 050 | _aJC 571 Amn | ||
| 110 | _aAmnesty International | ||
| 245 | 1 | 0 |
_aAmnesty International report 2007: the state of the world's human rights. _cby Amnesty International |
| 260 |
_aLondon: _bAmnesty International _c2007 |
||
| 300 | _a337p.: ill. | ||
| 350 | _a0.00 | ||
| 650 | 0 | _aHUMAN RIGHTS | |
| 650 | _aRIGHTS | ||
| 650 | _aHUMAN RIGHTS--ANNUAL REPORTS | ||
| 995 |
_D0.00 _FCBU-MAIN LIBRARY (Kitwe) _H1 _I0.00 _M1 _UAVAILABLE _WFeb 13, 2009 _ZAnnex Low-Usage Collection |
||
| 999 |
_c34177 _d34177 |
||